La culuture jé - Statistiques

Statistiques générales
  • Ce quiz a été pris 44 fois
    13 depuis la dernière actualisation
  • Le résultat moyen est 3 sur 12
Statistiques - réponses
Hint Réponse % Correct
Que veut dire PIB? Produit intérieur brut
100%
Que boit la vache? eau
82%
Combien de vies à un chat? 1
73%
Environ combien de femmes a eu Charlemagne? 20
27%
Animal associé à la 86 libellule
18%
Marque préférée des français Bic
9%
Réalisateur de Lalaland damien chazelle
9%
nom des 3 amoureux de violetta Diego
9%
Prénom de niska stanislas
9%
nom Leon
0%
nom Thomas
0%
Qu'est ce qu'une jujube Un fruit
0%
Aucun quiz correspondant
Distribution des résultats
% des personnes avec chaque résultat
Percentile par nombre de réponses
Votre historique - résultats
Vous n’avez pas pris ce quiz depuis la dernière actualisation